000 00829nam a2200229 a 4500
001 BRCA_1697
005 20190320203519.0
008 890427s1987 mx-a---##b---f000-0#spa-#
020 _a9688380296
040 _aDLC
_cDLC
_dDLC
050 4 _aF1391.O3
_b.O39 1987
245 1 0 _aOaxaca
_bmonumentos del centro histórico : patrimonio cultural de la humanidad.
260 _aMéxico
_bSecretaría de Desarrollo Urbano y Ecología
_c1987
300 _alvii, 296 p.
_bil.
_c30 cm.
504 _aBibliografía: p. 295-296
650 1 4 _aArquitectura de iglesias
_zMéxico
_95305
650 1 4 _aArquitectura barroca
_zMéxico
_923
650 1 4 _aArquitectura colonial
_zMéxico
_91940
650 1 4 _aDecoración y ornamentación de iglesias
_zMéxico
_95306
651 4 _aOaxaca (México)
_xEdificios, estructuras, etc.
_95307
942 _2lcc
_cB
999 _c1488
_d1488